<?xml version="1.0" encoding="UTF-8"?>
<record
    xmlns:xsi="http://www.w3.org/2001/XMLSchema-instance"
    xsi:schemaLocation="http://www.loc.gov/MARC21/slim http://www.loc.gov/standards/marcxml/schema/MARC21slim.xsd"
    xmlns="http://www.loc.gov/MARC21/slim">

  <leader>     ngm a22     7a 4500</leader>
  <datafield tag="999" ind1=" " ind2=" ">
    <subfield code="c">137271</subfield>
    <subfield code="d">137269</subfield>
  </datafield>
  <controlfield tag="005">20171011100959.0</controlfield>
  <controlfield tag="008">171011t1991       |11|| |||| s0| mleng d</controlfield>
  <datafield tag="050" ind1="0" ind2="4">
    <subfield code="a">PN1995.9.S26 </subfield>
    <subfield code="b">A46 1991</subfield>
  </datafield>
  <datafield tag="245" ind1="0" ind2="0">
    <subfield code="a">El almuerzo desnudo   </subfield>
    <subfield code="b">: = Naked lunch  </subfield>
    <subfield code="c">/ una pel&#xED;cula de David Cronenberg.</subfield>
    <subfield code="h">[Videograbaci&#xF3;n]</subfield>
  </datafield>
  <datafield tag="246" ind1="3" ind2="1">
    <subfield code="a">Naked lunch  </subfield>
    <subfield code="h">[Videograbaci&#xF3;n]</subfield>
  </datafield>
  <datafield tag="260" ind1=" " ind2=" ">
    <subfield code="a">M&#xE9;xico, D. F. :</subfield>
    <subfield code="b">Record picture company</subfield>
    <subfield code="c">1991</subfield>
  </datafield>
  <datafield tag="300" ind1=" " ind2=" ">
    <subfield code="a">1 DVD ( 110 min)|</subfield>
    <subfield code="b">son., col.</subfield>
    <subfield code="c">4 3/4 plg.</subfield>
  </datafield>
  <datafield tag="500" ind1=" " ind2=" ">
    <subfield code="a">Adaptaci&#xF3;n de la novela del mismo t&#xED;tulo, original de William S. Burroughs.
Cine estadounidense.
</subfield>
  </datafield>
  <datafield tag="508" ind1=" " ind2=" ">
    <subfield code="a">Dise&#xF1;ador de vestuario, Denise Cronenber ; editado por Ronald Sanders ; m&#xFA;sica por Howard Shore ; dise&#xF1;ador de producci&#xF3;n, Carol Spier ; director de fotograf&#xED;a, Peter Suschitzky ; co-productor, Gabriella Martinelli ; producida por David Cronenberg. Jeremy Thomas ; escrita y dirigida por David Cronenberg.</subfield>
  </datafield>
  <datafield tag="511" ind1=" " ind2=" ">
    <subfield code="a">Peter Weller, Judy Davis, Ian Holm, Julian Snads, Monique Mercure, Nicholas Cambell, Michael Zelnniker, Robert A, Silverman, Jospeh Scorsiani y Roy Scheider.</subfield>
  </datafield>
  <datafield tag="520" ind1=" " ind2=" ">
    <subfield code="a">Versi&#xF3;n, parcialmente autobiogr&#xE1;fica, de la novela de William S. Burroughs, uno de los escritores experimentales m&#xE1;s destacados, junto con Jack Kerouac y Allen Ginsberg, quien se dio a conocer a finales de los a&#xF1;os 1950. William Lee es un exterminador de insectos que ha dejado atr&#xE1;s las drogas y la mala vida. Pero se encuentra con que su esposa se ha convertido en adicta al polvillo con el que su marido mata a las cucarachas. Una noche, en medio de un juego, William mata accidentalmente a su esposa de un tiro. Consecuentemente el protagonista debe escapar a la Interzona, una versi&#xF3;n alucinante de T&#xE1;nger, un lugar donde las m&#xE1;quinas de escribir son insectos que hablan y donde un escritor amanerado y su esposa son peones en un rompecabezas de espionaje bizarro entre los seres humanos y una raza de ciempi&#xE9;s gigantes que puede llegar a ocurrir solamente en la cabeza del protagonista

</subfield>
  </datafield>
  <datafield tag="521" ind1=" " ind2=" ">
    <subfield code="a">No recomendada para menores de 18 a&#xF1;os</subfield>
  </datafield>
  <datafield tag="538" ind1=" " ind2=" ">
    <subfield code="a">DVD Regi&#xF3;n 4</subfield>
  </datafield>
  <datafield tag="546" ind1=" " ind2=" ">
    <subfield code="a">ingl&#xE9;s, con subt&#xED;tulos en espa&#xF1;ol.</subfield>
  </datafield>
  <datafield tag="650" ind1=" " ind2="4">
    <subfield code="a">Cine de ciencia ficci&#xF3;n </subfield>
  </datafield>
  <datafield tag="650" ind1=" " ind2="4">
    <subfield code="a">Cine de suspenso </subfield>
  </datafield>
  <datafield tag="650" ind1=" " ind2="4">
    <subfield code="a">Cine fant&#xE1;stico </subfield>
  </datafield>
  <datafield tag="650" ind1=" " ind2="4">
    <subfield code="a">Cine de ficci&#xF3;n </subfield>
  </datafield>
  <datafield tag="700" ind1="1" ind2=" ">
    <subfield code="a">David Cronenberg </subfield>
    <subfield code="e">dir.</subfield>
  </datafield>
  <datafield tag="700" ind1="1" ind2=" ">
    <subfield code="a">Denise Cronenber </subfield>
    <subfield code="e">dise&#xF1;ador</subfield>
  </datafield>
  <datafield tag="700" ind1="1" ind2=" ">
    <subfield code="a">Ronald Sanders </subfield>
    <subfield code="e">editor</subfield>
  </datafield>
  <datafield tag="700" ind1="1" ind2=" ">
    <subfield code="a">Howard Shore </subfield>
    <subfield code="e"> m&#xFA;sica </subfield>
  </datafield>
  <datafield tag="700" ind1="1" ind2=" ">
    <subfield code="a">Carol Spier  </subfield>
    <subfield code="e"> fotograf&#xED;a</subfield>
  </datafield>
  <datafield tag="700" ind1="1" ind2=" ">
    <subfield code="a">Gabriella Martinelli    productor</subfield>
  </datafield>
  <datafield tag="700" ind1="1" ind2=" ">
    <subfield code="a">Gabriella Martinelli   </subfield>
    <subfield code="e">co-productor</subfield>
  </datafield>
  <datafield tag="700" ind1="1" ind2=" ">
    <subfield code="a">Jeremy Thomas   </subfield>
    <subfield code="e">productor</subfield>
  </datafield>
  <datafield tag="700" ind1="1" ind2=" ">
    <subfield code="a">Peter Weller, </subfield>
    <subfield code="e">actor</subfield>
  </datafield>
  <datafield tag="700" ind1="1" ind2=" ">
    <subfield code="a">Judy Davis,</subfield>
    <subfield code="e">actor</subfield>
  </datafield>
  <datafield tag="700" ind1="1" ind2=" ">
    <subfield code="a"> Ian Holm, </subfield>
    <subfield code="e">actor</subfield>
  </datafield>
  <datafield tag="700" ind1="1" ind2=" ">
    <subfield code="a">Julian Snads, </subfield>
    <subfield code="e">actor</subfield>
  </datafield>
  <datafield tag="700" ind1="1" ind2=" ">
    <subfield code="a">Monique Mercure,</subfield>
    <subfield code="e">actor</subfield>
  </datafield>
  <datafield tag="700" ind1="1" ind2=" ">
    <subfield code="a">Nicholas Cambell,</subfield>
    <subfield code="e">actor</subfield>
  </datafield>
  <datafield tag="700" ind1="1" ind2=" ">
    <subfield code="a">Michael Zelnniker,</subfield>
    <subfield code="e">actor</subfield>
  </datafield>
  <datafield tag="700" ind1="1" ind2=" ">
    <subfield code="a">Robert A, Silverman,</subfield>
    <subfield code="e">actor</subfield>
  </datafield>
  <datafield tag="700" ind1="1" ind2=" ">
    <subfield code="a">Jospeh Scorsiani </subfield>
    <subfield code="e">actor</subfield>
  </datafield>
  <datafield tag="700" ind1="1" ind2=" ">
    <subfield code="a">Roy Scheider.</subfield>
    <subfield code="e">actor</subfield>
  </datafield>
  <datafield tag="942" ind1=" " ind2=" ">
    <subfield code="2">lcc</subfield>
    <subfield code="c">PEL</subfield>
  </datafield>
  <datafield tag="952" ind1=" " ind2=" ">
    <subfield code="0">0</subfield>
    <subfield code="1">0</subfield>
    <subfield code="2">lcc</subfield>
    <subfield code="4">0</subfield>
    <subfield code="7">0</subfield>
    <subfield code="a">LIC-047</subfield>
    <subfield code="b">LIC-047</subfield>
    <subfield code="c">MA</subfield>
    <subfield code="d">2017-10-11</subfield>
    <subfield code="e">DON</subfield>
    <subfield code="h">VBFP000254</subfield>
    <subfield code="o">PN1995.9.S26 A46 1991</subfield>
    <subfield code="p">VBFP000254</subfield>
    <subfield code="r">2017-10-11 00:00:00</subfield>
    <subfield code="t">1</subfield>
    <subfield code="w">2017-10-11</subfield>
    <subfield code="y">PEL</subfield>
  </datafield>
</record>
